00650nam a2200181Ia 4500003000900000008004100009040001600050080001600066100003200082245009400114260003900208300001400247650004100261650002700302942000700329999001500336952011700351IN-BaIIA211028s9999 xx 000 0 eng d cIIA Library a521.13bKEL aKellogg, Oliver Dimon95910 0aFoundations of potential theorycOliver Dimon Kellogg  aNew YorkbDover Publicationsc1953 aix, 384p. aAstronomy and astrophysics thesaurus aPotential theory95911 cBK c3323d3323 00104070aBANbBANcGENd1969-11-22g21.60l0o521.13/ KELp3695r2021-11-05v21.60w1969-11-22yBKGRs. 21.60